| 000 | 01172nam a2200301 c 4500 | ||
|---|---|---|---|
| 003 | BLK | ||
| 005 | 20180420221404.0 | ||
| 008 | 180408b bul|||||r ||||||| ||bul|| | ||
| 010 | _aKNG00046226000 | ||
| 020 |
_a5-250-02568-4 _bиздат.: Республика |
||
| 040 | _aBLK | ||
| 041 |
_aRUS _cRUS |
||
| 080 |
_aЖивопис - постимпресионизъм _b75.036.4 _x(092) _z75.036.4(092) |
||
| 080 |
_aБиографии _b929 _x(100) _z929(100) |
||
| 100 | 1 |
_aРевалд, Джон _eпърви автор _9115714 |
|
| 139 |
_aРевалд, Джон _bР 44 |
||
| 245 | 1 | 0 |
_aПостимпрессионизм _bОт Ван Гога до Гогена : Бернар, Ван Гог, Гоген, Моро, Пюви де Шаванн, Редон, Серюзье, Сера, Синьяк, Энсор _cДжон Ревалд. |
| 257 | _aSUN | ||
| 260 |
_аМосква _bРеспублика _c1996 |
||
| 300 |
_a463 с. _bил. _c27 см |
||
| 380 | _a7 | ||
| 650 | 4 |
_aПостмодернизъм _9167239 |
|
| 852 | _aЦб ІІ 10452 | ||
| 856 | 4 |
_qpdf _u |
|
| 856 | 4 |
_qpdf _u |
|
| 942 |
_cKNG _n0 |
||
| 944 |
_aCR _c01.01.1999 _kГеновева_Генчева |
||
| 944 |
_aED _c18.01.2011 _k |
||
| 999 |
_c42559 _d42559 |
||